| 000 | 00699cam a22001694a 4500 | ||
|---|---|---|---|
| 005 | 20250605164134.0 | ||
| 008 | 250528s ||||||||||||||||||||||||d | ||
| 035 | _a18671 | ||
| 040 |
_aGR-AtMCL _bgre _dGR-AtMCL _eAACR2 |
||
| 245 | 1 | _aΕγχειρίδιο Χρήσης των Η/Υ TECHNECO & MS-DOS 5.0 | |
| 300 | _a296 | ||
| 520 | _aΕισαγωγή, Η Συγκρότηση των Η/Υ TECHNECO, Έναρξη Λειτουργίας, Το Πληκτρολόγιο, Δισκέττες και Δίσκοι, Ο Εκτυπωτής, Microsoft MS-DOS, Οδηγός Χρήστη, Αναφορά Χρήστη. | ||
| 710 | 2 |
_aTechneco Computers _99762 |
|
| 942 | _cBK | ||
| 999 |
_c4016 _d4016 |
||